Lecture Notes in Computer Science : 7th European Conference on Technology Enhanced Learning, EC-TEL 2012 Saarbrücken, Germany, September 18-21, 2012 Proceedings

Salvato in:
Dettagli Bibliografici
Altri autori: Ravenscroft, Andrew (Redattore), Lindstaedt, Stefanie (Redattore), Kloos, C.Delgado (Redattore), Hernández, L. (Redattore)
Natura: Periodico
Lingua:inglese
Pubblicazione: Berlín : Springer, 2012
Tags: Aggiungi Tag
Nessun Tag, puoi essere il primo ad aggiungerne!!

MARC

LEADER 00000nas a22000003a 4500
001 stu254860
005 20190206105213.4
008 120926s--------gw------------------eng-d
040 |a STU  |b slo 
041 0 |a eng 
044 |a gw 
100 1 |a Ravenscroft, Andrew  |4 edt 
245 1 |a Lecture Notes in Computer Science :  |b 7th European Conference on Technology Enhanced Learning, EC-TEL 2012 Saarbrücken, Germany, September 18-21, 2012 Proceedings 
260 |a Berlín :  |b Springer,  |c 2012 
300 |a 553 s 
700 1 |a Lindstaedt, Stefanie  |4 edt 
700 1 |a Kloos, C.Delgado  |4 edt 
700 1 |a Hernández, L.  |4 edt 
773 0 |t Lecture Notes in Computer Science  |w stu_us_cat*stu99070  |x 0302-9743  |7 nnas 
996 |c I*Z6686  |d Vol. 7563 21st Century Learning for 21st Century Skills, 2012  |v Vol. 7563 21st Century Learning for 21st Century Skills  |y 2012  |l I  |s A  |a 24  |w stu254860_0001